000 01860cam a22005414i 4500
003 PE-LiUPU
005 20250731180110.0
008 150623s r 000 0 d
020 _a9972420930
035 _a(Sirsi) i9789972420931
040 _aPE-LiUPU
_bspa
_cPE-LiUPU
_erda
049 _aPRUA
082 0 4 _a547.86
_bL74
_221
100 1 _aLock Sing de Ugaz, Olga,
_eautor.
245 1 0 _aColorantes naturales.
264 1 _aLima :
_bPontificia Universidad Católica del Perú. Fondo Editorial,
_c1997.
300 _a274 páginas :
_bilustraciones, gráficos, fotos ;
_c23 centímetros
336 _atext
_2rdacontent
337 _aunmediated
_2rdamedia
338 _avolume
_2rdacarrier
500 _aIncluye 24 láms. colors.
504 _aIncluye bibliografía.
505 0 _aColorantes naturales. -Carotenoides. -Flavonoides. -Antocianinas. -Batalainas. -Quinonas. -Miscelaneos. -Colorantes naturales para alimentos. - Teñido de fibras con colorantes naturales.
526 _aSEG44
526 _aSEG26
526 _aP159
526 _aP155
526 _aP154
526 _aP153
526 _aP150
526 _aP100
526 _aP31
526 _aP30
526 _aP26
526 _aP25
526 _aP24
526 _aP22
526 _aP15
526 _aP10
650 0 4 _aCOLORANTES PARA ALIMENTOS.
650 0 4 _aCOLORANTES.
942 _2ddc
_cBOOK
949 _a547.86 L74
_wDEWEY
_c1
_i47767
_d2016-9-11
_e2016-9-11
_lCCODEBUL1
_mBUL
_n8
_r0
_sY
_tBOOK
_u2015-6-24
_xINGENIERIA
_zUNKNOWN
_0COMPRA
_o.STAFF. Colección General
994 _aC0
_bPEPRU
596 _a1
999 _a547.86 L74
_wDEWEY
_c24276
_i47767
_d24276
_e2019-5-28
_f2021-11-9
_g7
_lCCODEBUL1
_mBUL
_n10
_p30.00
_q1
_r0
_sY
_tBOOK
_u2015-6-24
_xINGENIERIA
_zUNKNOWN
_0COMPRA
_o.STAFF. Colección General
980 _81
_gALBERTO SANCHEZ Responsable de Automatización